Разработка и создание специального технологического оборудования для изготовления электродвигателей малой мощности: сборник научных трудов

Dettagli Bibliografici
Ente Autore: Всесоюзный научно-исследовательский проектно-конструкторский институт технологии электрических машин малой мощности (ВНИИТМЭ)
Altri autori: Миндели Г. В. (редактор)
Lingua:russo
Pubblicazione: Тбилиси, Изд-во ВНИИТМЭ, 1982
Soggetti:
Natura: MixedMaterials Libro
KOHA link:https://koha.lib.tpu.ru/cgi-bin/koha/opac-detail.pl?biblionumber=305488

MARC

LEADER 00000nam0a2200000 4500
001 305488
005 20231101010941.0
035 |a (RuTPU)RU\TPU\book\330759 
090 |a 305488 
100 |a 20150928d1982 k y0rusy50 ca 
101 0 |a rus 
102 |a GE 
105 |a a z 001zy 
200 1 |a Разработка и создание специального технологического оборудования для изготовления электродвигателей малой мощности  |e сборник научных трудов  |f Всесоюзный научно-исследовательский проектно-конструкторский институт технологии электрических машин малой мощности (ВНИИТМЭ) ; под ред. Г. В. Миндели 
210 |a Тбилиси  |c Изд-во ВНИИТМЭ  |d 1982 
215 |a 120 с.  |c ил. 
320 |a Библиогр. в конце ст. 
606 1 |a Электродвигатели  |2 stltpush  |3 (RuTPU)RU\TPU\subj\19801 
610 1 |a технологическое оборудование 
610 1 |a разработка 
610 1 |a создание 
610 1 |a изготовление 
610 1 |a характеристики 
675 |a 621.313.13  |v 4 
702 1 |a Миндели  |b Г. В.  |4 340 
712 0 2 |a Всесоюзный научно-исследовательский проектно-конструкторский институт технологии электрических машин малой мощности (ВНИИТМЭ)  |c (Тбилиси, Грузия)  |2 stltpush  |3 (RuTPU)RU\TPU\col\19292 
801 1 |a RU  |b 63413507  |c 20150928 
801 2 |a RU  |b 63413507  |c 20160825  |g RCR 
942 |c BK